00275nam a2200109Ia 4500008004100000041000800041082001400049100001000063245004600073260002700119300001900146241028s9999 xx 000 0 und d aeng a658.8 LEE aKtler aSocial Marketing Behavior Change For Good bSageaLOS ANGELEc2024 a545;. P. 23 cm